• 首页
  • 本馆介绍
  • 公告通知
  • 最新文献
  • 馆藏检索
  • 电子资源
  • 读者导购
  • 参考咨询
  • 我的图书馆
  • 登录
  • 详细信息显示
  • 放入我的书架
  • 预约/预借图书
  • 作者相关作品
  • 分类相关作品
  • 丛书相关作品
  • 出版社相关作品

书目信息

  • 表格格式
  • 工作单格式
  • 卡片格式
题名:
国际产业转移的结构传导与区域互动
    
 
作者: 陈明森 著
分册:  
出版信息: 北京   社会科学文献出版社  2012
页数: 240页
开本: 24cm
丛书名: 海西求是文库
单 册:
中图分类: F113.1 , F269.24
科图分类:
主题词: 产业转移--研究--世界 , 产业结构优化--研究--中国 , 产业转移 , 产业结构优化
电子资源:
ISBN: 978-7-5097-4186-3
000 01537nam0 2200337 450
001 524
005 20140908151317.57
010    @a978-7-5097-4186-3@dCNY59.00
100    @a20130514e20132012em y0chiy50 ea
101 0  @achi
102    @aCN@b110000
105    @ay z 000yy
106    @ar
200 1  @a国际产业转移的结构传导与区域互动@AGuo Ji Chan Ye Zhuan Yi De Jie Gou Chuan Dao Yu Qu Yu Hu Dong@dThe structure conduction and regional interaction of the international industrial transfer@e基于中国承接国际产业转移的实证分析@EJi Yu Zhong Guo Cheng Jie Guo Ji Chan Ye Zhuan Yi De Shi Zheng Fen Xi@f陈明森等著@FChen Ming Sen Deng Zhu@zeng
210    @a北京@c社会科学文献出版社@d2012@h2013重印
215    @a240页@d24cm
225 2  @a海西求是文库
300    @a2006年度国家社会科学基金项目
330    @a本书共分7章,内容包括:“结构传导与区域互动:国际产业转移模型分析”,“国际产业转移与产业横向波及效应”,“国际产业转移与产业垂直升级”,“国际产业转移与地方产业集聚”等。
461  0 @12001 @a海西求是文库
510 1  @aStructure conduction and regional interaction of the international industrial transfer@zeng
517 1  @a基于中国承接国际产业转移的实证分析@AJi Yu Zhong Guo Cheng Jie Guo Ji Chan Ye Zhuan Yi De Shi Zheng Fen Xi
606 0  @a产业转移@x研究@y世界
606 0  @a产业结构优化@x研究@y中国
606 0  @a产业转移
606 0  @a产业结构优化
690    @aF113.1@v5
690    @aF269.24@v5
701  0 @a陈明森@AChen Ming Sen@4著
801  0 @aCN@bTANGWEI@c20140603
905    @b0838507-09@dF113.1@e159@f3
    
    国际产业转移的结构传导与区域互动=The structure conduction and regional interaction of the international industrial transfer:基于中国承接国际产业转移的实证分析/陈明森等著.-北京:社会科学文献出版社,2012(2013重印)
    240页;24cm.-(海西求是文库)
    2006年度国家社会科学基金项目
    
    ISBN 978-7-5097-4186-3:CNY59.00
    本书共分7章,内容包括:“结构传导与区域互动:国际产业转移模型分析”,“国际产业转移与产业横向波及效应”,“国际产业转移与产业垂直升级”,“国际产业转移与地方产业集聚”等。
●
相关链接 在E读中查询图书 在五车中查询图书 在当当中查询图书 在豆瓣中查询图书


正题名:国际产业转移的结构传导与区域互动     索取号:F113.1/159         预约/预借

序号 登录号 条形码 馆藏地/架位号 状态 备注
1 0838507   208385077   第一样本阅览室/ [索取号:F113.1/159] 在馆    
2 0838508   208385086   第一借阅区/ [索取号:F113.1/159] 在馆    
3 0838509   208385095   密集书库-海洋学院/ [索取号:F113.1/159] 在馆    
唐山师范学院图书馆 欢迎您!
大连网信软件有限公司© 版权所有